000 00270nam a2200097Ia 4500
001 854680
005 20250826174556.0
008 250824s9999 xx 000 0 und d
245 0 _aOSMANLI GÜNLÜKLERİ:SON SULTANLAR
_cSEVİNÇ KUŞOĞLU
260 _bGENÇ TİMAŞ YAYINLARI
999 _c854680
_d854680